00659 2200241 4500001002100000005001500021035002000036245009300056100002200149250000600171300003500177700002300212260003600235082001100271084001700282020002300299650001000322990001700332990001700349990001700366990001700383990001700400INLIS00000000000001420180723090914 a0010-07180000141 aTerjemah Mabadi Awwaliyah :bFIQIH /cAbdul Hamid Hakim; Alih Bahasa, Drs. Zaenuri Siroj0 aAbdul Hamid Hakim a- avi, 65 hlm. :bilus. ;c25 cm.0 aDrs. Zaenuri Siroj aJakarta :bPT Megah Jaya,c2009 a297.14 a297.14 ABD t a978-602-838-236-65 aFiqih a00044/P/2018 a00045/P/2018 a00046/P/2018 a00047/P/2018 a00048/P/2018